| 000 | 00669nam a2200289Ia 4500 | ||
|---|---|---|---|
| 005 | 20260324142917.0 | ||
| 008 | 008 260324s9999 xx 000 0 eng d | ||
| 020 | _a9781003137818 | ||
| 037 | _aEBOOK | ||
| 040 | _aCRL | ||
| 040 | _beng | ||
| 040 | _cCRL | ||
| 041 | _2eng | ||
| 041 | _aeng | ||
| 084 | _qCRL | ||
| 100 |
_aAnne Power _91213690 |
||
| 245 | 0 | _aHovels to High Rise | |
| 245 | 0 | _bState Housing in Europe Since 1850 | |
| 260 | _bTaylor and Francis | ||
| 260 | _c1993 | ||
| 365 | _a | ||
| 365 | _b230 | ||
| 856 | _uhttp://www.taylorfrancis.com/books/9781003137818 | ||
| 942 | _cEBOOK | ||
| 999 |
_c1818451 _d1818451 |
||